| 000 | 01141nam a22002897a 4500 | ||
|---|---|---|---|
| 999 |
_c15027 _d15027 |
||
| 003 | MIRAKIL | ||
| 005 | 20221012125415.0 | ||
| 008 | 221012b tu ||||| |||| 00| 0 tur d | ||
| 040 |
_aTR-AnCHP _btur _cTR-AnCHP |
||
| 041 | _atur | ||
| 082 | _aBROŞÜR 607 | ||
| 110 | _aCumhuriyet Halk Partisi (CHP) | ||
| 245 |
_aGöçmen ve sığınmacı sorununu 2 yıl içinde çözeceğiz!/ _cCumhuriyet Halk Partisi. |
||
| 246 | _aSınır namustur | ||
| 260 |
_aAnkara: _bCHP, _c2022. |
||
| 300 |
_aktl. 2 s. _brnkl. fotg.; _c21 sm. |
||
| 440 |
_aCumhuriyet Halk Partisi yayınları _pProgramlar |
||
| 600 |
_aKılıçdaroğlu, Kemal _cCHP Genel Başkanı _xGöçmen sorunları |
||
| 600 |
_aKılıçdaroğlu, Kemal _xPropaganda ve ideolojiler _yGöçmen ve sığınmacılar |
||
| 610 |
_aCHP _xSiyaset ve yönetim _yKılıçdaroğlu dönemi |
||
| 610 |
_aCHP _xPropaganda ve ideolojiler _yGöçmen ve sığınmacılar |
||
| 610 |
_aCHP _xProgramlar, 2022 _yGöçmen politikaları |
||
| 610 |
_aCHP _xGöç sorunları _yÇözüm önerileri |
||
| 942 |
_2ddc _cVIS |
||